| 000 | 00675cab a2200217 4500 | ||
|---|---|---|---|
| 001 | WB3017-62 | ||
| 008 | 090401t1994 xxu||||| |||| 00| 0 eng d | ||
| 035 | _a(Sirsi) u42048 | ||
| 041 | _aeng | ||
| 245 | _aNew look for old forest | ||
| 260 | _c1994 | ||
| 350 | _a0 | ||
| 490 |
_aFinancial Times _v4 May 1994, 18(1) |
||
| 520 | _aDescribes the remodelling of the Hardknott Forest in the Lake District as a result of environmental pressures being balanced against the traditional goal of timber production. | ||
| 650 | _aFOREST ENTERPRISE | ||
| 650 | _aFORESTRY COMMISSION | ||
| 650 | _aWOODLANDS | ||
| 690 | _aRURAL PRACTICE | ||
| 942 | _n0 | ||
| 948 | _c04/03/1997 | ||
| 999 |
_c27010 _d27010 |
||